Bảo tồn và trùng tu các di tích kiến trúc

Đã lưu trong:
書目詳細資料
主要作者: Nguyễn, Khởi
格式: 圖書
語言:Undetermined
出版: H. Xây dựng 2002
主題:
在線閱讀:http://lrc.tdmu.edu.vn/opac/search/detail.asp?aID=2&ID=3841
標簽: 添加標簽
沒有標簽, 成為第一個標記此記錄!
Thư viện lưu trữ: Trung tâm Học liệu Trường Đại học Thủ Dầu Một
LEADER 00642nam a2200193Ia 4500
001 TDMU_3841
008 210410s9999 xx 000 0 und d
082 |a 720.288 
090 |b NG527 
100 |a Nguyễn, Khởi 
245 0 |a Bảo tồn và trùng tu các di tích kiến trúc 
245 0 |c Nguyễn Khởi 
260 |a H. 
260 |b Xây dựng 
260 |c 2002 
300 |a 180tr. 
650 |a Di tích kiến trúc  |x Bảo dưỡng và sửa chữa 
856 |u http://lrc.tdmu.edu.vn/opac/search/detail.asp?aID=2&ID=3841 
980 |a Trung tâm Học liệu Trường Đại học Thủ Dầu Một